01669nab a22002297a 4500999001500000003000400015005001700019008004100036040000700077100003000084245020500114260007200319300001200391500005000403505065900453505009001112650002601202650002201228700003801250773013801288942001301426 c6003d6003OSt20260115224204.0190605e xxu||||| |||| 00| 0 spa d cPJ 96815a Yasin, Omar Nills 13aEl fuero del trabajo de la Ciudad Autónoma de Buenos Aires, su contundente constitucionalidad. Competencia, aspectos prácticos de su funcionamiento /cOmar Nills Yasin, Alberto A. Edgardo Khalil.  aCiudad Autónoma de Buenos Aires :bThomson Reuters La Ley,c2025. ap. 5-21 aCita Online: Cita: TR LALEY AR/DOC/842/2025. a Sumario: I. Introducción.— II. El inicio del derrotero en vísperas del escenario final, caso "Asociación de Magistrados y Funcionarios de la Justicia Nacional c/ Gobierno de la Ciudad Autónoma de Buenos Aires (leyes 6789 y 6790) y otro s/ medida cautelar (autónoma)".— III. Nuestra opinión respecto de un fallo que ciertamente se aleja de lo que supuestamente debería defender.— IV. El caso del Tribunal de trabajo para el personal de casas particulares.— V. El caso de la ley 27.348 complementaria de la Ley sobre Riesgos del Trabajo.— VI. Colisión de competencias, dilucidación de posibles planteos.— VII. Conclusión.  t¿Te interesa el texto completo? Solicitalo al correo: koha@justierradelfuego.gov.ar  091316aDERECHO LABORAL 092397aCOMPETENCIA 96816aKhalil, Alberto A. Edgardo 0 0271193168dCiudad Autónoma de Buenos Aires : Thomson Reuters La Ley, 1999-2002.tRevista de derecho del trabajo. Nº 3 - Mayo 2025 2udccANA